Project management for information systems / (Record no. 2741)
[ view plain ]
| 000 -LEADER | |
|---|---|
| fixed length control field | 01629nac a22003131u 4500 |
| 010 ## - LIBRARY OF CONGRESS CONTROL NUMBER | |
| LC control number | 2004043345 |
| 020 ## - INTERNATIONAL STANDARD BOOK NUMBER | |
| International Standard Book Number | 0273685805 |
| 082 00 - DEWEY DECIMAL CLASSIFICATION NUMBER | |
| Classification number | 658.4 |
| Item number | C1148 |
| 090 ## - LOCALLY ASSIGNED LC-TYPE CALL NUMBER (OCLC); LOCAL CALL NUMBER (OCLC) | |
| -- | 2741 |
| -- | 2741 |
| 100 ## - MAIN ENTRY--PERSONAL NAME | |
| Personal name | 20080729 |
| 245 00 - TITLE STATEMENT | |
| Title | Project management for information systems / |
| Statement of responsibility, etc | edited by James Cadle and Donald Yeates. |
| 250 ## - EDITION STATEMENT | |
| Edition statement | 4th ed. |
| 260 ## - PUBLICATION, DISTRIBUTION, ETC. (IMPRINT) | |
| Place of publication, distribution, etc | Upper Saddle River, NJ : |
| Name of publisher, distributor, etc | Financial Times Prentice Hall,2004 |
| Date of publication, distribution, etc | 2004. |
| 300 ## - PHYSICAL DESCRIPTION | |
| Extent | p. cm. |
| 504 ## - BIBLIOGRAPHY, ETC. NOTE | |
| Bibliography, etc | Includes bibliographical references and index. |
| 650 #0 - SUBJECT ADDED ENTRY--TOPICAL TERM | |
| Topical term or geographic name as entry element | System analysis. |
| 650 #0 - SUBJECT ADDED ENTRY--TOPICAL TERM | |
| Topical term or geographic name as entry element | Management information systems. |
| 650 #0 - SUBJECT ADDED ENTRY--TOPICAL TERM | |
| Topical term or geographic name as entry element | Information resources management. |
| 650 #0 - SUBJECT ADDED ENTRY--TOPICAL TERM | |
| Topical term or geographic name as entry element | Project management. |
| 700 1# - ADDED ENTRY--PERSONAL NAME | |
| Personal name | Cadle, James. |
| 700 1# - ADDED ENTRY--PERSONAL NAME | |
| Personal name | Yeates, Donald. |
| 942 ## - ADDED ENTRY ELEMENTS (KOHA) | |
| Item type | Book - Borrowing |
| Call number prefix | 658.4C1148 |
| Withdrawn status | Item status | Source of classification or shelving scheme | Damaged status | Not for loan | Home library | Current library | Shelving location | Date acquired | Source of acquisition | Cost, normal purchase price | Total Checkouts | Full call number | Barcode | Date last seen | Cost, replacement price | Koha item type | Total Renewals | Date last borrowed |
|---|---|---|---|---|---|---|---|---|---|---|---|---|---|---|---|---|---|---|
| Dewey Decimal Classification | Central Library | Central Library | First floor | 04/03/2007 | Purchase | 160.00 | 4 | 658.4 PRO | 000001398 | 15/07/2025 | 200.00 | Book - Borrowing | ||||||
| Dewey Decimal Classification | Central Library | Central Library | First floor | 04/03/2007 | Purchase | 160.00 | 4 | 658.4 PRO | 000001397 | 15/07/2025 | 200.00 | Book - Borrowing | ||||||
| Dewey Decimal Classification | Central Library | Central Library | First floor | 04/03/2007 | Purchase | 160.00 | 7 | 658.4 PRO | 000001396 | 15/07/2025 | 200.00 | Book - Borrowing | ||||||
| Dewey Decimal Classification | Central Library | Central Library | First floor | 04/03/2007 | Purchase | 160.00 | 3 | 658.4 PRO | 000001395 | 15/07/2025 | 200.00 | Book - Borrowing | 2 | 19/11/2015 | ||||
| Dewey Decimal Classification | Central Library | Central Library | First floor | 04/03/2007 | Purchase | 160.00 | 3 | 658.4 PRO | 000001394 | 15/07/2025 | 200.00 | Book - Borrowing | ||||||
| Dewey Decimal Classification | Central Library | Central Library | First floor | 04/03/2007 | Purchase | 160.00 | 658.4 PRO | 000001393 | 15/07/2025 | 200.00 | NB - Book (Non borrowing) | |||||||
| Dewey Decimal Classification | Central Library | Central Library | First floor | 04/03/2007 | Purchase | 160.00 | 5 | 658.4 PRO | 000001391 | 15/07/2025 | 200.00 | Book - Borrowing | 1 | 17/09/2008 |